ការវិភាគលើមុខរបរ និងការប្រើប្រាស់ធនធានមនុស្សក្នុងវិស័យកសិកម្មនៅកម្ពុជា (Record no. 9001)

000 -LEADER
fixed length control field 00415nam a22001217a 4500
040 ## - CATALOGING SOURCE
Transcribing agency SK
082 ## - DEWEY DECIMAL CLASSIFICATION NUMBER
Classification number 658
100 ## - MAIN ENTRY--AUTHOR NAME
Personal name CHAN SARUN
245 ## - TITLE STATEMENT
Title ការវិភាគលើមុខរបរ និងការប្រើប្រាស់ធនធានមនុស្សក្នុងវិស័យកសិកម្មនៅកម្ពុជា
260 ## - PUBLICATION, DISTRIBUTION, ETC. (IMPRINT)
Place of publication RUA
Name of publisher CHA
Year of publication 1997
300 ## - PHYSICAL DESCRIPTION
Number of Pages 90p.
942 ## - ADDED ENTRY ELEMENTS (KOHA)
Koha item type សៀវភៅភាសាខ្មែរ
952 ## - LOCATION AND ITEM INFORMATION (KOHA)
Withdrawn status [LOCAL, KOHA] 0
952 ## - LOCATION AND ITEM INFORMATION (KOHA)
Withdrawn status [LOCAL, KOHA] 0
952 ## - LOCATION AND ITEM INFORMATION (KOHA)
Withdrawn status [LOCAL, KOHA] 0
952 ## - LOCATION AND ITEM INFORMATION (KOHA)
Withdrawn status [LOCAL, KOHA] 0
952 ## - LOCATION AND ITEM INFORMATION (KOHA)
Withdrawn status [LOCAL, KOHA] 0
952 ## - LOCATION AND ITEM INFORMATION (KOHA)
Withdrawn status [LOCAL, KOHA] 0
952 ## - LOCATION AND ITEM INFORMATION (KOHA)
Withdrawn status [LOCAL, KOHA] 0
952 ## - LOCATION AND ITEM INFORMATION (KOHA)
Withdrawn status [LOCAL, KOHA] 0
Holdings
Permanent Location Date acquired Koha item type Lost status Shelving location Barcode Current Location Full call number
Library Block C2016-08-23សៀវភៅភាសាខ្មែរ C243RUA062221Library Block C658 CHA 1997 C243
Library Block C2016-08-23សៀវភៅភាសាខ្មែរ C243RUA047731Library Block C658 CHA 1997 C243
Library Block C2016-08-23សៀវភៅភាសាខ្មែរ C243RUA047562Library Block C658 CHA 1997 C243
Library Block C2016-08-23សៀវភៅភាសាខ្មែរ C243RUA047671Library Block C658 CHA 1997 C243
Library Block C2016-09-01សៀវភៅភាសាខ្មែរ C251RUA045273Library Block C658 RUA 1997 C251
Library Block C2016-09-07សៀវភៅភាសាខ្មែរ C189RUA047735Library Block C658 RUA 1997 C189
Library Block C2016-09-15សៀវភៅភាសាខ្មែរ C248RUA047038Library Block C658 RUA 1997 C248
Library Block C2016-09-15សៀវភៅភាសាខ្មែរ C249RUA046972Library Block C658 RUA 1997 C249
មជ្ឈមណ្ឌលឯការនៃសាកលវិទ្យាល័យភូមិន្ទកសិកម្មចំការដូង

Powered by Koha